00913nam a22002535a 45000050016000000080041000160100014000570200023000710200026000940350013001200370015001330400018001480820010001661000018001762450058001942500012002522600045002642700077003093000029003865000061004159420024004769990017005009520142005172009080103243.0090731s2009 mnu 000 0 eng  aENG-94611 a8182091845c395.00 a9788182091849c395.00 aEN-78144 bDBAD / PUB adplbEnglish  a332.1 aGurusamy, S.  aFinancial markets and institutions /cby S. Gurusamy  a2nd ed. aNoida (UP) bMcGraw-Hill Eduction c2008 aB-4, Sector-63, Dist. Gautam Budh Nagar, Noida, bUttar Pradesh e201301 axxiv, 702p. c25cm(pbk)  aIncludes glossary, bibliographical references and index  2ddccENh332.1mGUR c28832d28832 00102ddc40718NFICaDBADbDBADd2009-08-01eDBAD / PUBg395.00l0o332.1 GURpEN-78144r2009-08-01 00:00:00t1v395.00w2009-08-01yEN